| 000 | 00776nam a22001817a 4500 | ||
|---|---|---|---|
| 003 | UA-OsUOA | ||
| 001 | 13901 | ||
| 007 | ta | ||
| 008 | 20030625b un ||||| |||| 00| 0 ukr d | ||
| 100 | _aМихальчук Т. | ||
| 942 | _cSA | ||
| 040 |
_aUA-OsUOA _cUA-OsUOA _dUA-OsUOA |
||
| 245 | _a"Пісня - доля моя" [- під такою назвою в Дубровиці відбувся перший обл. фестиваль - конкурс хор. колективів ім. Є.Кухарця , який народився і виріс в с.Вілюнь Дубровиц. р-ну] | ||
| 300 | _aС.4 | ||
| 955 | _a0 | ||
| 773 | 0 |
_w0 _tВісті Рівненщини _dРівне _d2003 _g№50/18 черв./ |
|
| 650 | 7 |
_aКраєзнавча робота _2UDC |
|
| 999 |
_c300062 _d300062 |
||